|
|
|
|
| LEADER |
00898nam a2200217 a 4500 |
| 001 |
3022522 |
| 008 |
090824s1993 si a b 100 0 eng d |
| 010 |
|
|
|a 94160497
|
| 020 |
|
|
|a 9810212925
|
| 040 |
|
|
|a MdU
|c MdU
|d DLC
|
| 082 |
0 |
0 |
|a 004/.01/51
|2 20
|
| 245 |
0 |
0 |
|a Advances on computer mathematics and its applications /
|c edited by Elias A. Lipitakis.
|
| 260 |
|
|
|a Singapore ;
|a River Edge, NJ :
|b World Scientific,
|c c1993.
|
| 300 |
|
|
|a ix, 373 p. :
|b ill. ;
|c 23 cm.
|
| 504 |
|
|
|a Includes bibliographical references.
|
| 541 |
1 |
|
|e 00014613
|
| 650 |
|
0 |
|a Mathematics
|x Data processing
|x Congresses.
|
| 700 |
1 |
|
|a Lipitakis, Elias A.
|
| 852 |
4 |
|
|a Ayesha Abed Library
|j General shelf
|
| 999 |
|
|
|c 3378
|d 3378
|
| 952 |
|
|
|0 0
|1 0
|2 ddc
|4 0
|6 004_015100000000000_ADV_1993
|7 0
|9 3068
|a BRACUL
|b BRACUL
|c GEN
|d 2009-08-31
|g 0.00
|l 0
|o 004.0151 ADV
|p 3010014613
|r 2009-08-31
|t 1
|w 2009-08-31
|y BK
|x No price found in the accession register.
|